| 000 | 01286nam a2200325 c 4500 | ||
|---|---|---|---|
| 003 | BLK | ||
| 005 | 20250314130849.0 | ||
| 008 | 180408b bul|||||r ||||||| ||bul|| | ||
| 010 | _aKNG00054661000 | ||
| 020 |
_a84-9819-131-2 _bиздат.: Mediasat Group, S. A. - (на цялата колекция) |
||
| 040 | _aBLK | ||
| 041 |
_aBUL _cBUL |
||
| 080 |
_aАмериканска литература (на САЩ) _b821.111(73) _x-312.4 _z821.111(73)-312.4 |
||
| 100 | 1 |
_aЕлрой, Джеймс _eпърви автор _967068 |
|
| 700 | 1 |
_aВълкова, Силвия _eпрев. от англ. _9365576 |
|
| 139 |
_aЕлрой, Джеймс _bЕ 55 |
||
| 245 | 1 | 0 |
_aЧерната Далия _bРоман _cДжеймс Елрой; прев. от англ. Силвия Вълкова. |
| 257 | _aUSA | ||
| 260 |
_аСофия _bMediasat Group, S. A. _c2005 _fОтпеч. в Германия |
||
| 300 |
_a415 с. _c22 см |
||
| 380 | _aX | ||
| 490 | 1 |
_aЗлатна колекция ХХ век _v16 |
|
| 500 | _aОриг. загл. Black Dahlia / James Ellroy. - Офс. изд. | ||
| 852 | _aЦб 224320 | ||
| 856 | 4 |
_qpdf _u |
|
| 856 | 4 |
_qpdf _u |
|
| 942 |
_cKNG _n0 _06 |
||
| 944 |
_aCR _c12.07.2005 _k30576 _lЦветомила Тодорова |
||
| 944 |
_aED _c07.02.2014 _k |
||
| 999 |
_c50780 _d50780 |
||